000
00206nam a2200085 4500
999
_c
531698
_d
531698
040
_c
DLC
082
_a
624.15
_b
KHA
245
_a
Improvement of soft soil characteristics using stone columns
942
_2
ddc
_c
BK